000
00310nam a2200133Ia 4500
005
20260328104320.0
008
260328s9999||||xx |||||||||||||| ||und||
100
_a
Pastier, John
245
0
_a
Cesar Pelli /
_c
John Pastier
260
_b
Gustavo Gili
300
_a
119 p.
650
_a
CESAR PELLI
942
_c
BK
999
_c
11311
_d
11311